Hospodárenie vybraného podniku v potravinárskom priemysle bakalárska práca

Guardado en:
Detalles Bibliográficos
Autor principal: Dziadová, Mária
Autor Corporativo: Podnikovohospodárska fakulta EU so sídlom v Košiciach. Katedra ekonómie
Otros Autores: Pružinský, Michal, 1952-
Formato: Libro
Lenguaje:eslovaco
Publicado: Košice 2021
Etiquetas: Agregar Etiqueta
Sin Etiquetas, Sea el primero en etiquetar este registro!

MARC

LEADER 00000nbm a2200000 4500
001 0274995
005 20240827092347.8
041 0 |a slo 
044 |a SK 
245 1 0 |a Hospodárenie vybraného podniku v potravinárskom priemysle  |b bakalárska práca  |c Mária Dziadová ; školiteľ: Michal Pružinský 
264 1 |a Košice  |c 2021 
300 |a 47 s. 
100 1 |a Dziadová, Mária 
700 1 |a Pružinský, Michal, 1952- 
710 2 |a Podnikovohospodárska fakulta EU so sídlom v Košiciach. Katedra ekonómie